| 000 | 00000nam##2200000za#4500 |
| 001 | 9.615229 |
| 003 | CaOODSP |
| 005 | 20200514165618 |
| 007 | ta |
| 008 | 150406|2000||||xxc||||| f|0| 0 eng|d |
| 040 | |aCaOODSP|beng |
| 043 | |an-cn--- |
| 086 | 1 |aNH18-23/55-3E |
| 110 | 2 |aCanada Mortgage and Housing Corporation. |
| 245 | 10|aSpecial studies on 1996 census data : |bhousing conditions of immigrants |
| 260 | |aOttawa - Ontario : |bCanada Mortgage and Housing Corporation |c2000. |
| 300 | |a8p. ; |c28 cm. |
| 490 | 1 |aResearch highlight. Socio-economic series|v55-3 |
| 563 | |aPamphlet |
| 590 | |a00-42|b2000-10-20 |
| 690 | 07|aHousing|2gcpds |
| 690 | 07|aImmigrants|2gcpds |
| 690 | 07|aCensus|2gcpds |
| 775 | 08|tÉtudes spéciales sur les données du recensement de 1996 : |w(CaOODSP)9.625438 |
| 776 | 0#|tSpecial studies on 1996 census data : |w(CaOODSP)9.571726 |
| 830 | #0|aResearch highlight. Socio-economic series ;|v55-3|w(CaOODSP)9.514827 |
| 986 | |aNHA 2266 |